[Event "Internet Section 06A g/8'+2\""]
[Site "Dos Hermanas"]
[Date "2004.03.06"]
[Round "2"]
[White "Fazzolare, David A"]
[Black "Wagner, Rainer"]
[Result "0-1"]
[WhiteElo "1417"]
[BlackElo "1942"]
[PlyCount "116"]
[EventDate "2004.03.06"]
[EventType "swiss (blitz)"]
[EventRounds "9"]
[EventCountry "ESP"]
[SourceTitle "CBM 099 Extra"]
[Source "ChessBase"]
[SourceDate "2004.05.04"]
[SourceVersion "1"]
[SourceVersionDate "2004.05.04"]
[SourceQuality "1"]

1. d4 d5 2. c4 c6 3. Nc3 Nf6 4. Nf3 Bf5 5. Bg5 e6 6. e3 Be7 7. cxd5 exd5 8. Bd3 Bg4 9. h3 Bh5 10. g4 Bg6 11. Ne5 Bxd3 12. Qxd3 Nbd7 13. Bf4 Nf8 14. Bg3 Ng6 15. Qf5 0-0 16. h4 Nxe5 17. Bxe5 Qd7 18. Qf3 Qxg4 19. Qxg4 Nxg4 20. Rg1 Nxe5 21. dxe5 Bxh4 22. 0-0-0 Bxf2 23. Rg2 Bxe3+ 24. Kb1 Rae8 25. Rd3 Rxe5 26. Nd1 Rfe8 27. Rg3 Bh6 28. a3 g6 29. Rb3 R8e7 30. Rgf3 Bg7 31. Rh3 Re1 32. Kc2 R7e2+ 33. Kc1 h5 34. Rxb7 Bh6+ 35. Kb1 Rxd1+ 36. Ka2 Re3 37. Rh2 Ree1 38. Rf2 Rf1 39. Re2 Rd2 40. Re8+ Kg7 41. Rxa7 h4 42. Raa8 h3 43. Rg8+ Kf6 44. Rh8 Kg5 45. Rh7 h2 46. Rah8 h1Q 47. Rxh6 Qxh6 48. Rxh6 Kxh6 49. Kb3 Rf3+ 50. Ka2 Rff2 51. Kb3 Rxb2+ 52. Ka4 Rfc2 53. Ka5 d4 54. a4 d3 55. Ka6 d2 56. Ka7 d1Q 57. a5 Qd7+ 58. Ka6 Qb7# 0-1